Регионална библиотека "Любен Каравелов" - Русе

Белязани лебеди (Запис номер 346780)

MARC детайли
000 -Лидер
Контролно поле с фиксирана дължина 01327nam a2200337 c 4500
003 - Код на организацията, давaща контролен номер
Контролно поле BLK
005 - Дата и час на последна редакция
Контролно поле 20220613115047.0
008 - Елементи от данни с фиксирана дължина
fixed length control field 180409b bul|||||r ||||||| ||bul||
010 ## - Наследен системен номер
LC control number KNG00113090000
020 ## - Международен стандартен номер на книга ISBN
Международен стандартен номер на книга ISBN 978-619-7354-21-8
040 ## - Източник на каталожния запис
Идентификатор на билиотеката - собственик на записа BLK
041 ## - Код за език
Код за езика на текст/звукозапис или на отделно заглавие Български
Код за езика КДБФ Български
080 ## - УДК
Текстов определител УДК Българска литература
УДК код - определител по УДК 821.163.2
УДК определител -312.9
УДК - код + определител 821.163.2-312.9
100 1# - Редна дума - Автор
Автор Павлова, Елена
Авторска отговорност първи автор
R(LIN) 365123
139 ## - Редно поле
Редна дума Павлова, Елена
Авторски знак Павло - П 13
245 10 - Сведения за заглавието
Заглавие Белязани лебеди
Подзаглавни данни Разкази
Редно поле (дума) Елена Павлова.
257 ## - Страна на издаване
Страна на създаване/издаване България
260 ## - Област на издателските данни
Име на издателя, разпространителя и проч. Gaiana Book Art Studio
Година на издаване 2017
9 (RLIN) 214217
Място на издаване, разпространение и проч. Русе
Издателство - префикс ISBN 978-619-7354- ; 978-954-92465- ; 978-954-8633- ; 978-954-903
300 ## - Физическа характеристика
Страници 280 с.
Размери/Мащаб 20 см
380 ## - Жанр
Жанр Худож. лит.
490 ## - СЕРИИ (Колекции)
Име на серия Колекция Дракус
№: серия 19
9 (RLIN) 208389
653 ## - Ключова дума – ненормативна
Ключова дума романи
852 ## - Местоположение
Фондова буква Заемна - подръчен фонд
Систематично-азбучна сигнатура П 886.7-32/П 13
856 4# - Електронен адрес и достъп
Електронен формат pdf - файл
856 4# - Електронен адрес и достъп
Електронен формат pdf - файл
999 ## - СИСТЕМНИ КОНТРОЛНИ НОМЕРА
Koha biblionumber 346780
Koha biblioitemnumber 346780
942 ## - АРТИКУЛИ
Вид на библиотечния материал Книги
Скрит в OPAC Не
Периодичен библиозапис Да
Koha issues (borrowed), all copies 7
Наличности
Код за отписване Код за изгубен артикул Източник на класификационната схема Код за повреда Код за отдаване Артикулен № Име на библиотеката - собственик Име на библиотеката, в която се намира в момента Статус (Текущо местоположение) Дата на вписване в системата Местоположение - отдел Цена в лева Систематично азбучна сигнатура Баркод Цена в евро Служебен тип на артикула
  Не е изгубен Universal Decimal Classification Не е повреден заемане за дома 750006 Регионална библиотека "Любен Каравелов" Русе Регионална библиотека "Любен Каравелов" Русе Заемна - подръчен фонд 2019-11-27 Заемна - подръчен фонд 9.10 П 886.7-32/П 13 120000838152 4.65 Книги
  Не е изгубен Universal Decimal Classification Не е повреден заемане за дома 750007 Регионална библиотека "Любен Каравелов" Русе Регионална библиотека "Любен Каравелов" Русе Заемна - подръчен фонд 2019-11-27 Заемна - подръчен фонд 9.10 П 886.7-32/П 13 120000838151 4.65 Книги
Vip Innovations Ltd, Rousse, Bulgaria 2025